Public Goods and Public Allocation Policy.

Bibliographic Details
Format: eBook
Language:English
Published: Frankfurt a.M. : Peter Lang GmbH, Internationaler Verlag der Wissenschaften, 1985.
Edition:1st ed.
Series:Allokation Im Marktwirtschaftlichen System Series
Subjects:
Online Access:Click to View
LEADER 02349nam a22003733i 4500
001 EBC30686110
003 MiAaPQ
005 20231204023231.0
006 m o d |
007 cr cnu||||||||
008 231204s1985 xx o ||||0 eng d
020 |a 9783631755938  |q (electronic bk.) 
020 |z 9783820485080 
035 |a (MiAaPQ)EBC30686110 
035 |a (Au-PeEL)EBL30686110 
035 |a (OCoLC)1397571279 
040 |a MiAaPQ  |b eng  |e rda  |e pn  |c MiAaPQ  |d MiAaPQ 
245 1 0 |a Public Goods and Public Allocation Policy. 
250 |a 1st ed. 
264 1 |a Frankfurt a.M. :  |b Peter Lang GmbH, Internationaler Verlag der Wissenschaften,  |c 1985. 
264 4 |c ©1985. 
300 |a 1 online resource (254 pages) 
336 |a text  |b txt  |2 rdacontent 
337 |a computer  |b c  |2 rdamedia 
338 |a online resource  |b cr  |2 rdacarrier 
490 1 |a Allokation Im Marktwirtschaftlichen System Series ;  |v v.14 
505 0 |a Cover -- Preface -- Michael E. Burns and Cliff Walsh: Public Goods with Price Exclusion: Market Segmentation and Allocative Efficiency -- Bengt-Arne Wickström: Free Riders and Bad Wagons: On the Optimal Supply of Public Goods -- Rüdiger Pethig: Competitive Lobbying for Group-Specific Public Goods -- Oskar von dem Hagen: The MDP-Procedure in a Regional Economy -- Horst Hanusch and Peter Biene: Distributive and Allocative Effects of Individual Voting Behaviour -- Ferdi Dudenhöffer: Majority Decisions on Regional Environmental Quality and Interregional Pollution -- Alfred Endres: Environmental Policy with Pollution Interaction -- Wolfgang Blümel: Alternative Allocation Procedures for Public Goods. Towards a Comparative Analysis. 
588 |a Description based on publisher supplied metadata and other sources. 
590 |a Electronic reproduction. Ann Arbor, Michigan : ProQuest Ebook Central, 2023. Available via World Wide Web. Access may be limited to ProQuest Ebook Central affiliated libraries.  
655 4 |a Electronic books. 
776 0 8 |i Print version:  |t Public Goods and Public Allocation Policy  |d Frankfurt a.M. : Peter Lang GmbH, Internationaler Verlag der Wissenschaften,c1985  |z 9783820485080 
797 2 |a ProQuest (Firm) 
830 0 |a Allokation Im Marktwirtschaftlichen System Series 
856 4 0 |u https://ebookcentral.proquest.com/lib/matrademy/detail.action?docID=30686110  |z Click to View